Pays belligérants de la septième coalition - Statistiques

Statistiques générales
  • Ce quiz a été pris 21 fois
  • Le résultat moyen est 11 sur 15
Statistiques - réponses
Pays % Correct
Coalition Empire russe
100%
Coalition Royaume d'Espagne
100%
Coalition Empire d'Autriche
95%
Alliés Empire français
95%
Coalition Royaume-Uni
95%
Coalition Légion belge
89%
Coalition Royaume de Prusse
89%
Coalition Royaume uni des Pays-Bas
89%
Coalition Suède-Norvège
84%
Coalition Royaume de Portugal
79%
Coalition Royaume de Sicile
63%
Coalition Royaume de Sardaigne
53%
Alliés Légion irlandaise
47%
Alliés Royaume de Naples
47%
Coalition Grand-duché de Toscane
16%
Aucun quiz correspondant
Distribution des résultats
% des personnes avec chaque résultat
Percentile par nombre de réponses
Votre historique - résultats
Vous n’avez pas pris ce quiz